000 00557nam a2200181Ia 4500
005 20250508154001.0
008 008 250505s9999 xx 000 0 eng d
037 _aTextual
040 _aFEDL
_beng
_cFEDL
041 _aeng
_2eng
084 _a371.895, WAR
_qFEDL
100 _aWard Winifred
_9756541
245 0 _aDrama with and for children children's theater
260 _aWashington, USA
_bU.S. Department of Health, Education, and Welfare
_c1960
300 _avii,68p.
942 _cTEXL
_h371.895, WAR
999 _c1346804
_d1346804